[Event "NED-ch KO"]
[Site "Hoogeveen"]
[Date "2021.10.15"]
[Round "1.1"]
[White "Ten Hertog, Hugo"]
[Black "Timmermans, Mark"]
[Result "1-0"]
[WhiteElo "2516"]
[BlackElo "2387"]
[PlyCount "81"]
[EventDate "2021.10.15"]
[EventType "k.o."]
[EventRounds "3"]
[EventCountry "NED"]
[SourceTitle "EXT 2023"]
[Source "ChessBase"]
[SourceDate "2022.10.05"]
[SourceVersion "1"]
[SourceVersionDate "2022.10.05"]
[SourceQuality "1"]

1. e4 e5 2. Nf3 Nc6 3. Bb5 a6 4. Ba4 Nge7 5. 0-0 Ng6 6. d4 exd4 7. Nxd4 Nxd4 8. Qxd4 b5 9. Bb3 Bb7 10. Qc3 f6 11. f4 Qe7 12. Qg3 0-0-0 13. Re1 f5 14. Nc3 Qh4 15. exf5 Qxg3 16. hxg3 Ne7 17. Be3 Nxf5 18. Bf2 Bb4 19. a4 Bxc3 20. bxc3 d5 21. axb5 axb5 22. Re5 g6 23. Rae1 h5 24. Re6 Rhg8 25. R1e5 Rd6 26. Rxd6 cxd6 27. Bxd5 Bxd5 28. Rxd5 Kd7 29. Rxb5 Rc8 30. Rb3 Ke6 31. Kf1 Ra8 32. c4 Rc8 33. Rc3 Kf7 34. Ke2 d5 35. c5 d4 36. Rc4 Ke6 37. Kd3 Kd5 38. Bxd4 Nxg3 39. Ra4 Rd8 40. Ra6 Nf5 41. c4# 1-0

[Event "Titled Tuesday intern op 18th May"]
[Site "Chess.com INT"]
[Date "2021.05.18"]
[Round "3"]
[White "Alekseenko, Kirill"]
[Black "Ten Hertog, Hugo"]
[Result "1/2-1/2"]
[WhiteElo "2699"]
[BlackElo "2517"]
[PlyCount "75"]
[EventDate "2021.05.18"]
[EventType "swiss (blitz)"]
[EventRounds "11"]
[EventCountry "USA"]
[SourceTitle "CBM 202 Extra"]
[Source "ChessBase"]
[SourceDate "2021.07.31"]
[SourceVersion "1"]
[SourceVersionDate "2021.07.31"]
[SourceQuality "1"]

1. d4 Nf6 2. Nc3 g6 3. e4 d5 4. f4 Nxe4 5. Bd3 f5 6. Nf3 Bg7 7. Ne5 Nc6 8. Bb5 Qd6 9. Nxe4 fxe4 10. 0-0 0-0 11. Be3 Nxe5 12. dxe5 Qd8 13. Be2 b6 14. b4 Bb7 15. a4 Rc8 16. Rb1 c6 17. c3 Qc7 18. Bg4 Rcd8 19. h4 c5 20. bxc5 bxc5 21. Rxb7 Qxb7 22. Bxc5 h5 23. Bh3 Kh7 24. g4 hxg4 25. Bxg4 Bh6 26. f5 Qc6 27. Bxe7 gxf5 28. Bxf5+ Rxf5 29. Rxf5 Qg6+ 30. Rg5 Bxg5 31. Bxg5 e3 32. Qf3 Rb8 33. Qxe3 Rb2 34. Qxa7+ Kg8 35. Qa8+ Kh7 36. Qa7+ Kg8 37. Qa8+ Kh7 38. Qa7+ 1/2-1/2

[Event "Titled Tuesday intern op 11th May"]
[Site "Chess.com INT"]
[Date "2021.05.11"]
[Round "4"]
[White "Ten Hertog, Hugo"]
[Black "Kamsky, Gata"]
[Result "0-1"]
[WhiteElo "2517"]
[BlackElo "2665"]
[PlyCount "56"]
[EventDate "2021.05.11"]
[EventType "swiss (blitz)"]
[EventRounds "11"]
[EventCountry "USA"]
[SourceTitle "CBM 202 Extra"]
[Source "ChessBase"]
[SourceDate "2021.07.31"]
[SourceVersion "1"]
[SourceVersionDate "2021.07.31"]
[SourceQuality "1"]

1. e4 c5 2. Nc3 Nc6 3. Bb5 Nd4 4. Bc4 g6 5. Nge2 Bg7 6. 0-0 d6 7. Nxd4 cxd4 8. Ne2 e6 9. d3 Ne7 10. Bf4 0-0 11. Qd2 d5 12. Bb3 dxe4 13. dxe4 Nc6 14. Rad1 Re8 15. Bh6 e5 16. Bxg7 Kxg7 17. f4 Bg4 18. Bd5 f6 19. fxe5 Nxe5 20. Nxd4 Bxd1 21. Rxd1 Qb6 22. c3 Rad8 23. Kh1 f5 24. Qg5 fxe4 25. Nf5+ Kh8 26. Nh6 Kg7 27. c4 Qf6 28. Qe3 Qh4 0-1

[Event "Titled Tuesday intern op 13th Apr"]
[Site "Chess.com INT"]
[Date "2021.04.13"]
[Round "9"]
[White "Arias, Juan Cruz"]
[Black "Ten Hertog, Hugo"]
[Result "0-1"]
[WhiteElo "2277"]
[BlackElo "2517"]
[PlyCount "54"]
[EventDate "2021.04.13"]
[EventType "swiss (blitz)"]
[EventRounds "11"]
[EventCountry "USA"]
[SourceTitle "CBM 201 Extra"]
[Source "ChessBase"]
[SourceDate "2021.05.31"]
[SourceVersion "1"]
[SourceVersionDate "2021.05.31"]
[SourceQuality "1"]

1. d4 Nf6 2. Nf3 e6 3. e3 b6 4. Bd3 Bb7 5. 0-0 g6 6. c4 Bg7 7. Nc3 0-0 8. e4 d5 9. cxd5 exd5 10. e5 Ne4 11. Re1 Nxc3 12. bxc3 Qd7 13. Qd2 c5 14. Qf4 Nc6 15. Qh4 Rae8 16. Ba3 f6 17. e6 Rxe6 18. Rxe6 Qxe6 19. dxc5 Re8 20. cxb6 axb6 21. h3 Ne5 22. Nd4 Qc8 23. Bb5 Qxc3 24. Re1 Qxe1+ 25. Kh2 Ra8 26. Be7 Nf3+ 27. gxf3 Qxe7 0-1